| 000 | 00792nam a2200217Ia 4500 | ||
|---|---|---|---|
| 005 | 20250701164516.0 | ||
| 008 | 008 250505s9999 xx 000 0 chi d | ||
| 020 | _a9787208186453 | ||
| 037 | _aTextual | ||
| 040 |
_aEASL _beng _cEASL |
||
| 041 |
_achi _2chi |
||
| 084 |
_aW6n.41g, R3 _qEASL |
||
| 100 |
_aShikai Wang Au. _9815089 |
||
| 245 | 0 | _aQuan Guocheng Renmin Rinzhu Yanjiu Shouce: Handbook of Whole Process Democracy Studies | |
| 260 |
_aChina _bKorea Shangahi People's Publishing House Korea _c2023 |
||
| 300 | _a329pg | ||
| 490 | _aChinese Political Science Studies Handbook Series | ||
| 650 |
_aDemocracy Studies-China; Political Science-Handbook-China; Political Science-Series-China _9815090 |
||
| 942 |
_cTEXL _hW6n.41g, R3 |
||
| 999 |
_c1433313 _d1433313 |
||